| 000 | 00358nam a2200157Ia 4500 | ||
|---|---|---|---|
| 008 | 140316s9999 xx 000 0 und d | ||
| 020 | _a014100245x | ||
| 082 |
_a823 _bNAR/ME |
||
| 100 | _a | ||
| 245 | _aMemories of Malgudi | ||
| 260 |
_aNew Delhi _bPenguin Books _c2002 |
||
| 300 | _a779 | ||
| 650 | _a | ||
| 700 | _aNarayan,R.K. et al. | ||
| 942 |
_2ddc _cBK |
||
| 999 |
_c9738 _d9738 |
||